LEADER 01572nam a2200373 u 4500 001 000000011033 003 CaOOAMICUS 005 20070226105401.0 008 940516c1967 it u000 u ita u 035 $a10272495 040 $aPUL(R)$bita 041 1 $aita$hfre 100 1 $aGrenet, P.-B.$q(Paul-Bernard).$0(OLS)http://pul/name/10703 240 10$aOntologie.$lItaliano.$0(OLS)http://pul/title/16039 245 10$aOntologia /$cP.B. Grenet ; in appendice: Enzo Maccagnolo: Note sull'Ontologia in Italia. 246 33$aNote sull'Ontologia in Italia 250 $a11e. éd. rev. et corr. 260 $aBrescia :$bPaideia,$cc1967. 300 $a407 p. ;$c21 cm 490 1 $aCorso di filosofia tomista ;$v5 650 4$aOntologia.$0(OLS)http://pul/subject/4424 650 4$aTomismo.$0(OLS)http://pul/subject/597 700 1 $aMaccagnolo, Enzo.$0(OLS)http://pul/name/5640 830 0$aCorso di filosofia tomista ;$v5.$0(OLS)http://pul/title/16032 850 $aPUL 852 $aPUL$W1$xDP1 Fondo Ciprotti$y59$m1545 C 39$j15621$nBK-PRI$b $qFondi$B15621$CPULBib$Z2$F15621 $H $81 852 $aPUL$W1$xSL Filosofia 1$y2$m96 D 16$j15622$nBK-PRI$b $qStampati$B15622$CPULBib$Z2$F15622 $H $81 941 1 $a8 941 1 $a1 961 $aINV: Fondo Ciprotti 961 $aINV: 31394 996 $6245$aOntologia$9(OLS)http://pul/title/7946 996 $6246$aNote sull'Ontologia in Italia$9(OLS)http://pul/title/16040 996 $6260$aBrescia :$bPaideia$9(OLS)http://pul/publisher/47884 LEADER 01379nam a2200301 a 4500 001 000000173546 003 CaOOAMICUS 005 20200608105834.0 008 200608s2019 gw u000 u ger r 020 $a978-3-451-02296-8* 032 $aLibriCat 040 $aPUL$bita 245 00$aEingegeben von Gott : $bzur Inspiration der Bibel und ihrer Geltung heute / $cherausgegeben von Ralf Rothenbusch und Karlheinz Ruhstorfer. 260 $aFreiburg ;$aBasel ;$aWien :$bHerder,$c©2019. 300 $a293 p. ;$c22 cm 490 1 $aQuaestiones disputatae ;$v296 504 $aBibliografia in nota. 630 04$aBiblia$xIspirazione.$0(OLS)http://pul/subject/2447 700 1 $aRuhstorfer, Karlheinz.$0(OLS)http://pul/name/58754 700 1 $aRothenbusch, Ralf.$0(OLS)http://pul/name/90790 830 0$aQuaestiones disputatae (Herder) ;$v296.$0(OLS)http://pul/title/18243 850 $aPUL 852 $aPUL$W1$xSL Religione 2$y84$mTheol A6 296$j197543$qStampati Altre Collocazioni$B202328$CPULBib$Z2$F202328 $H133940 $82 941 1 $a10 996 $6020$a978-3-451-02296-8*$9(OLS)http://pul/number/167545 996 $6245$aEingegeben von Gott : $bzur Inspiration der Bibel und ihrer Geltung heute / $9(OLS)http://pul/title/214714 996 $6260$aFreiburg ;$aBasel ;$aWien :$bHerder$9(OLS)http://pul/publisher/48104